000 01687cas a22004451i 4500
999 _c23392
_d23392
001 vtls000291316
003 NUKAT
005 20200130101903.0
008 040525c19839999xxuqr|p| | |0 |0eng c
022 _a0733-8724
035 _azz2004967828
039 9 _a202001301021
_bkopilwa
_c201807250126
_dVLOAD
_c201807240206
_dVLOAD
_c201211281402
_dkoppgd
040 _aKR 93/SC
_cKR 93/SC
_dKR 93/EP
_dKR 93/KKs
_dKR 93/KKs
_dKR 93/AO
_bpol
_erda
210 1 _aJ. lightwave technol.
222 0 _aJournal of lightwave technology
245 0 0 _aJournal of Lightwave Technology /
_cThe Institute of Electrical and Electronics Engineers, Optical Society of America.
260 _aNew York :
_bInstitute of Electrical and Electronics Engineers,
_c1983-.
300 _c28 cm.
310 _aMies.,
_b1986-
321 _aDwumies.,
_b1984-1985
321 _aKwart.,
_b1983
336 _aTekst
_btxt
_2rdacontent
337 _aBez urządzenia pośredniczącego
_bn
_2rdamedia
338 _aWolumin
_bnc
_2rdacarrier
362 0 _aVol. 1, nr 1(Mar. 1983)-.
500 _aTyt. okł.
500 _aOpis na podst.: LCC online.
650 _aOptyka włókien
_vczasopisma.
650 _aŚwiatłowody
_vczasopisma.
650 _aOptoelektronika
_vczasopisma.
650 _aOptyka zintegrowana
_vczasopisma.
710 2 _aInstitute of Electrical and Electronics Engineers.
_91211
710 2 _aOptical Society of America.
942 _2ddc
_cCR
980 _aSZCZ_ZUT